8 Planètes par image en 45 secondes - Statistiques

Statistiques générales
  • Ce quiz a été pris 402 fois
  • Le résultat moyen est 7 sur 8
Statistiques - réponses
Par images Réponse % Correct
Terre
100%
Mars
99%
Saturne
92%
Jupiter
87%
Neptune
77%
Mercure
66%
Venus
66%
Uranus
62%
Aucun quiz correspondant
Distribution des résultats
% des personnes avec chaque résultat
Percentile par nombre de réponses
Votre historique - résultats
Vous n’avez pas pris ce quiz